| 000 | 00878nam a2200289Ia 4500 | ||
|---|---|---|---|
| 003 | OSt | ||
| 005 | 20221007122524.0 | ||
| 006 | a|||||r|||| 00| 0 | ||
| 007 | ta | ||
| 008 | 221006b |||||||| |||| 00| 0 eng d | ||
| 020 | _a9788184891836 (pbk) | ||
| 024 | _a109278 | ||
| 037 |
_b2916, 08/07/2010, New India Book Agency _cTextbook |
||
| 040 |
_aPAPL _cPAPL _beng |
||
| 041 |
_2eng _aeng |
||
| 082 | _aCN1, L12;9-;11 Carpa | ||
| 100 |
_aFlugge Siefried _9714505 |
||
| 245 | 0 | _aPractical quantum mechaincs | |
| 260 |
_aBerlin _bSpringer _c1971 |
||
| 300 |
_axv, 287p. _ccm. |
||
| 490 | _aClassics in mathematics | ||
| 500 | _aIndex 279-287p. | ||
| 650 | _a Quantum mechanics | ||
| 650 | _aPhysics | ||
| 942 |
_hCN1, L12;9-;11 Carpa _cTB _2CC |
||
| 999 |
_c1210505 _d1210505 |
||